Výšková 25 podlažná budova administratívneho centra. Monolitická železobetónová konštrukcia s bezprievlakovými stropmi a stužujúcim jadrom

Saved in:
Bibliographic Details
Main Author: Gúcky, Tomáš (Author)
Other Authors: Harvan, Ivan (Thesis advisor)
Format: Manuscript Book
Language:Slovak
Published: 2015
Subjects:
Online Access:http://is.stuba.sk/zp/portal_zp.pl?podrobnosti=109346
https://opac.crzp.sk/?fn=detailBiblioForm&sid=E75B5E22D326BA6A9FA59BCFFF20
Tags: Add Tag
No Tags, Be the first to tag this record!

MARC

LEADER 00000ntm a22000003a 4500
001 stuzp49715
003 SK-STU
005 20231012140301.1
007 ta
008 150427s2015----xo-----f-mn---000-0-slo-d
040 |a STU  |b slo 
041 0 |a slo 
100 1 |a Gúcky, Tomáš  |u 010110  |4 aut  |U SvF Stavebná fakulta  |T SvF Katedra betónových konštrukcií a mostov  |X 67143  |U V110  |Y 11  |7 A000067143 
242 0 1 |a High-rise 25 storey building of administrative center. Monolithic reinforced concrete structure with flat slabs and reinforcing core  |y eng 
245 1 0 |a Výšková 25 podlažná budova administratívneho centra. Monolitická železobetónová konštrukcia s bezprievlakovými stropmi a stužujúcim jadrom 
260 |c 2015 
650 4 |a železobetón  |2 slo 
650 4 |a výšková budova  |2 slo 
650 4 |a návrh výstuže  |2 slo 
650 4 |a analýza konštrukcie  |2 slo 
650 4 |a high-rise building  |2 eng 
650 4 |a reinforced concrete  |2 eng 
650 4 |a structural analysis  |2 eng 
650 4 |a design of reinforcement  |2 eng 
700 1 |a Harvan, Ivan  |4 ths  |X 890  |7 A000000890 
856 4 |u http://is.stuba.sk/zp/portal_zp.pl?podrobnosti=109346 
856 4 |u https://opac.crzp.sk/?fn=detailBiblioForm&sid=E75B5E22D326BA6A9FA59BCFFF20 
SQL |a stuzp49715  |b DDP  |c SLO  |d Výšková 25 podlažná budova administratívneho centra. Monolitická železobetónová konštrukcia s bezprievlakovými stropmi a stužujúcim jadrom  |e 67143  |f Gúcky, Tomáš  |g 010110  |h 890  |i Harvan, Ivan  |j 20150616  |k 945  |l 01  |m http://is.stuba.sk/zp/portal_zp.pl?podrobnosti=109346  |n I-NKS  |o 5.1.5. inžinierske konštrukcie a dopravné stavby